The weapon of prayer. (Record no. 8757)

000 -LEADER
fixed length control field 00584nam a2200181 a 4500
001 - CONTROL NUMBER
control field :::00006535$&:&@@
003 - CONTROL NUMBER IDENTIFIER
control field OkBaRHE
005 - DATE AND TIME OF LATEST TRANSACTION
control field 20000607103331.0
008 - FIXED-LENGTH DATA ELEMENTS--GENERAL INFORMATION
fixed length control field s1986 j 000 0 eng u
040 ## - CATALOGING SOURCE
Transcribing agency
100 1# - MAIN ENTRY--PERSONAL NAME
Personal name Bounds, Edward M.,
245 14 - TITLE STATEMENT
Title The weapon of prayer.
260 ## - PUBLICATION, DISTRIBUTION, ETC. (IMPRINT)
Place of publication, distribution, etc Grand Rapids, MI., :
Name of publisher, distributor, etc Baker Book House
Date of publication, distribution, etc 1986
300 ## - PHYSICAL DESCRIPTION
Extent 157 p.
942 ## - ADDED ENTRY ELEMENTS (KOHA)
Source of classification or shelving scheme
Koha item type Books
Copies
Date acquired Withdrawn status Permanent Location Full call number Date last seen Price effective from Damaged status Shelving location Lost status Barcode Copy number Not for loan Source of classification or shelving scheme Koha item type
2010-04-14 RHEMA Bible Training CollegeBV 210 .B62010-04-142010-04-14 General Stacks 65351  Books
2010-04-14 RHEMA Bible Training CollegeBV 210 .B62010-04-142010-04-14 General Stacks 164982  Books